000 00260nam a2200109Ia 4500
008 190913s9999||||xx |||||||||||||| ||und||
100 _aHorton,Ivor
245 0 _aBeginning Visual C++ 6
260 _aCalcutta
_bMicrosoft Press
_c1999
300 _a925
942 _cBK
999 _c8033
_d8033